|
|
|
|
| LEADER |
00000cam a2200000 4500 |
| 001 |
vtls011769970 |
| 003 |
SK-MaSNL |
| 005 |
20260331211108.0 |
| 008 |
180801t2018 ne hoa gren 001 0deng |
| 020 |
|
|
|a 9789462981188
|q (súbor ;
|q viazané)
|
| 020 |
|
|
|a 9789462981089
|q (zväzok 1 ;
|q viazané)
|
| 040 |
|
|
|a SNK
|b slo
|c SNK
|e rda
|
| 041 |
0 |
|
|a eng
|
| 043 |
|
|
|a e------
|
| 044 |
|
|
|a ne
|c NL
|
| 072 |
|
7 |
|a 930.85
|x Dejiny civilizácie. Kultúrne dejiny
|2 konspekt
|
| 080 |
|
|
|a 172.15
|2 2011
|
| 080 |
|
|
|a 316.347
|2 2011
|
| 080 |
|
|
|a 930
|2 2011
|
| 080 |
|
|
|a 929-058.1
|2 2011
|
| 080 |
|
|
|a 930.85"17/18"
|2 2011
|
| 080 |
|
|
|a (4)
|2 2011
|
| 080 |
|
|
|a (031)
|2 2011
|
| 100 |
1 |
|
|a Leerssen, Joep,
|d 1955-
|4 edt
|9 558721
|
| 245 |
1 |
0 |
|a Encyclopedia of Romantic nationalism in Europe
|n Volume 1
|c edited by Joep Leerssen ; with assistance of Anne Hilde van Baal and Jan Rock
|
| 264 |
|
1 |
|a Amsterdam
|b Amsterdam University Press
|c [2018]
|
| 264 |
|
4 |
|c ©2018
|
| 300 |
|
|
|a 2 zväzky (1488 strán)
|b faksimile, fotografie, farebné ilustrácie
|c 27 cm
|
| 336 |
|
|
|a text
|b txt
|2 rdacontent
|
| 337 |
|
|
|a bez média
|b n
|2 rdamedia
|
| 338 |
|
|
|a zväzok
|b nc
|2 rdacarrier
|
| 504 |
|
|
|a Obsahuje bibliografické odkazy ; menný register na strane 603-641
|
| 650 |
0 |
7 |
|a nacionalizmus
|2 SNKPH
|9 4731
|
| 650 |
0 |
7 |
|a národná identita
|2 SNKPH
|9 1665
|
| 650 |
0 |
7 |
|a historiografia
|2 SNKPH
|9 3848
|
| 650 |
0 |
7 |
|a osobnosti
|2 SNKPH
|9 29820
|
| 650 |
0 |
7 |
|a romantizmus
|2 SNKPH
|9 1678
|
| 650 |
0 |
7 |
|a Nationalism
|2 SNKPHeng
|9 294203
|
| 650 |
0 |
7 |
|a National identity
|2 SNKPHeng
|9 282676
|
| 650 |
0 |
7 |
|a Regional celebrities
|2 SNKPHeng
|9 266494
|
| 650 |
0 |
7 |
|a Romanticism
|2 SNKPHeng
|9 375267
|
| 650 |
0 |
7 |
|a Historiography
|2 SNKPHeng
|9 266534
|
| 651 |
|
7 |
|a Európa
|2 SNKPHgeo
|9 167569
|
| 651 |
|
7 |
|a Europe
|2 SNKPHeng
|9 56249
|
| 655 |
|
7 |
|a encyklopédie
|2 SNKPH
|9 28776
|
| 655 |
|
7 |
|a Encyclopedias
|2 SNKPHeng
|9 90422
|
| 700 |
1 |
|
|a Baal, Anne Hilde van
|4 clb
|9 558722
|
| 700 |
1 |
|
|a Rock, Jan,
|d 1980-
|4 clb
|9 558723
|
| 919 |
|
|
|a 978-94-6298-118-8
|
| 919 |
|
|
|a 978-94-6298-108-9
|
| 958 |
|
|
|a NB
|
| 999 |
|
|
|c 857065
|d 858995
|
| 952 |
|
|
|t snkLEE/1 930.85
|a SNKUST
|b SNKUST
|y PREZ
|7 0
|p 17A1375554
|o snkIB 73749/1
|i snk2019/20997
|8 3
|g 188.21
|0 0
|1 0
|4 0
|d 2019-08-16
|l 0
|r 2025-03-20 00:00:00
|w 2026-02-24
|